MARC details
| 000 -CABECERA |
| campo de control de longitud fija |
02132nam a22002297a 4500 |
| 008 - DATOS DE LONGITUD FIJA--INFORMACIÓN GENERAL |
| campo de control de longitud fija |
251006b |||||||| |||| 00| 0 eng d |
| 020 ## - NÚMERO INTERNACIONAL ESTÁNDAR DEL LIBRO |
| Número Internacional Estándar del Libro |
9781538185513 |
| 040 ## - FUENTE DE LA CATALOGACIÓN |
| Centro/agencia transcriptor |
tbs |
| 041 ## - CÓDIGO DE LENGUA |
| Código de lengua del texto/banda sonora o título independiente |
eng |
| 050 ## - SIGNATURA TOPOGRÁFICA DE LA BIBLIOTECA DEL CONGRESO |
| Número de clasificación |
AM11 |
| Número de documento/Ítem |
.W35 2006 |
| 100 ## - ENTRADA PRINCIPAL--NOMBRE DE PERSONA |
| Nombre de persona |
Wallace, Margot A. |
| Fechas asociadas al nombre |
1941- |
| 9 (RLIN) |
26013 |
| Término indicativo de función/relación |
author |
| 245 ## - MENCIÓN DE TÍTULO |
| Título |
Museum branding |
| Resto del título |
: how to create and maintain image, loyalty, and support |
| Mención de responsabilidad, etc. |
/ Margot A. Wallace. |
| 250 ## - MENCIÓN DE EDICIÓN |
| Mención de edición |
Third edition. |
| 260 ## - PUBLICACIÓN, DISTRIBUCIÓN, ETC. |
| Lugar de publicación, distribución, etc. |
Lanham MD : |
| Nombre del editor, distribuidor, etc. |
Rowman & Littlefield, |
| Fecha de publicación, distribución, etc. |
2024. |
| 300 ## - DESCRIPCIÓN FÍSICA |
| Extensión |
vii, 271 pages : |
| Otras características físicas |
illustrations, portraits (black and white) ; |
| Dimensiones |
23 cm. |
| 520 ## - SUMARIO, ETC. |
| Sumario, etc. |
Museums have unequaled brands in the world of learning and culture. They have earned the recognition and loyalty of their many audiences. The challenge is sustaining image, loyalty and support as audiences shift, grow, and change. Museum Branding: Reimagining the Museum is a forward-looking survey of museums as they navigate the present, and plan for the future, holding steady to their heritage. It looks at brands that have refreshed their identity, reframed their missions, and reconfirmed their right to audience loyalty and support. Museums of all sizes, genres, and geography – over forty of them – exemplify audience-centered branding practices outlined in nineteen chapters that include Collection and Exhibitions, Archives, Fundraising and Development, Partnerships, Talks and Speakers, and Videos. The chapter on Data adds a new perspective to branding literature. The chapter on Discussion Groups builds on the branding sustained and advanced by successful virtual programs. The Chapter on Research and Development gives essential priority developing relationships with prospective members, donors and supporters. The chapter on Publications shows the smart extension of branding into many platforms. An extensive index recognizes the value of this tool for searching specific concepts and museums. |
| 650 #0 - PUNTO DE ACCESO ADICIONAL DE MATERIA--TÉRMINO DE MATERIA |
| Término de materia o nombre geográfico como elemento de entrada |
Museums |
| Subdivisión geográfica |
United States |
| Subdivisión general |
Management |
| 9 (RLIN) |
26014 |
| 650 #0 - PUNTO DE ACCESO ADICIONAL DE MATERIA--TÉRMINO DE MATERIA |
| Término de materia o nombre geográfico como elemento de entrada |
Museums |
| Subdivisión general |
Public relations |
| Subdivisión geográfica |
United States |
| 9 (RLIN) |
26015 |
| 650 #0 - PUNTO DE ACCESO ADICIONAL DE MATERIA--TÉRMINO DE MATERIA |
| Término de materia o nombre geográfico como elemento de entrada |
Museum attendance |
| Subdivisión geográfica |
United States |
| 9 (RLIN) |
26016 |
| 650 #0 - PUNTO DE ACCESO ADICIONAL DE MATERIA--TÉRMINO DE MATERIA |
| Término de materia o nombre geográfico como elemento de entrada |
Branding (Marketing) |
| 9 (RLIN) |
6284 |
| 942 ## - ELEMENTOS DE ENTRADA AGREGADA (KOHA) |
| Fuente del sistema de clasificación o colocación |
Clasificación de Library of Congress |